Vornamen von berühmten Personen - Statistiken

Allgemein
  • Dieses Quiz wurde 1.810 mal gespielt
  • Das Durchschnittsergebnis liegt bei 33 aus 48
Antwortstatistiken
Nachname Vorname % Korrekt
Einstein Albert
99%
Schweitzer Albert
99%
Merkel Angela
98%
Da Vinci Leonardo
97%
Luther Martin
96%
Neuer Manuel
94%
Curie Marie
90%
Mozart Wolfgang Amadeus
90%
Marx Karl
89%
Adenauer Konrad
89%
Röntgen Wihelm Conrad
89%
Schuhmacher Michael
87%
Lennon John
86%
von Bismarck Otto
86%
Van Gogh Vincent
86%
van Beethoven Ludwig
85%
Schiller Friedrich
83%
Lindgren Astrid
82%
Kohl Helmut
82%
Bonaparte Napoleon
78%
Darwin Charles
76%
Kolumbus Christopher
73%
Planck Max
73%
Gutenberg Johannes
71%
Kepler Johannes
71%
Heine Heinrich
69%
von Goethe Johann Wolfgang
65%
Frank Anne
62%
Bach Johann Sebastian
62%
Dürer Albrecht
61%
Hemingway Ernest
57%
Rutherford Ernest
57%
Graf Steffi
57%
Freud Siegmund
56%
Fontane Theodor
55%
Mann Thomas
55%
Maske Henry
53%
Luxemburg Rosa
51%
Vivaldi Antonio
45%
Witt Katarina
44%
Piaf Edith
41%
Dietrich Marlene
41%
von Bingen Hildegard
40%
Gerst Alexander
35%
Kopernikus Nikolaus
35%
Williams Robbie
33%
Bam Julien
30%
Lasker Emanuel
7%
Keine übereinstimmenden Quizze gefunden
Verteilung der Resultate
Anzahl Personen mit jedem Resultat
Perzentil nach korrekt beantworteten Fragen
Ihre Resultats-Entwicklung
Sie haben dieses Quiz noch nicht gespielt